00508 2200169 4500245004100000020001800041250001200059100001400071650001600085005001900101260004200120041001400162084000800176300002300184500012200207336000900329 aNegeri Para BedebahcTere LiyehText a9789792285529 aCet. 16 aTere Liye aNovel Fiksi a20231012105450 aJakartabGramedia Pustaka Utamac2018 aIndonesia a813 a440 hlm. :c20 cm. adi negeri para bedebah, kisah fiksi kalah seru dibanding kisah nyata tetapi setidaknya, kawan, di negeri para bedebah atext